Las grandes corrientes del pensamiento antiguo / (Record no. 127840)

MARC details
000 -LEADER
campo de control de longitud fija 00709nam a2200229 4500
001 - NÚMERO DE CONTROL
campo de control 127840
003 - IDENTIFICADOR DE NÚMERO DE CONTROL
campo de control ES-MaACL
005 - FECHA Y HORA DE LA ÚLTIMA TRANSACCIÓN
campo de control 20251220063020.0
007 - CAMPO FIJO DE DESCRIPCIÓN FÍSICA--INFORMACIÓN GENERAL
campo de control de longitud fija t|
008 - DATOS DE LONGITUD FIJA--INFORMACIÓN GENERAL
campo de control de longitud fija 070214s1945 ag r ||||1| spa d
080 ## - NÚMERO DE LA CLASIFICACIÓN DECIMAL UNIVERSAL
Número de la Clasificación Decimal Universal 1(38)(09)
100 1# - ENTRADA PRINCIPAL--NOMBRE DE PERSONA
Nombre de persona Rivaud, Albert,
Fechas asociadas al nombre 1876-1956
9 (RLIN) 154540
245 14 - MENCIÓN DEL TÍTULO
Título Las grandes corrientes del pensamiento antiguo /
Mención de responsabilidad, etc. Albert Rivaud ; [traducción de José Mora Guarnido].
260 ## - PUBLICACIÓN, DISTRIBUCIÓN, ETC.
Lugar de publicación, distribución, etc. Buenos Aires :
Nombre del editor, distribuidor, etc. Ed. del Tridente,
Fecha de publicación, distribución, etc. 1945.
300 ## - DESCRIPCIÓN FÍSICA
Extensión 283 p. ;
Dimensiones 20 cm.
490 1# - MENCIÓN DE SERIE
Mención de serie Imago mundi
700 1# - ENTRADA AGREGADA--NOMBRE PERSONAL
Nombre de persona Mora Guarnido, José.
9 (RLIN) 82879
830 0# - PUNTO DE ACCESO ADICIONAL DE SERIE-TÍTULO UNIFORME
Título uniforme Imago mundi (Tridente)
9 (RLIN) 236940
852 ## - LOCALIZACIÓN
Ubicación ES-MaACL
Número de control de estantería B-10053
Sublocalización o colección R.22647
942 ## - ELEMENTOS DE ENTRADA SECUNDARIOS (KOHA)
Fuente del sistema de clasificación o colocación Clasificación decimal universal
Holdings
Estatus retirado Estado de pérdida Estado de daño No para préstamo Biblioteca de origen Biblioteca actual Ubicación en estantería Fecha de adquisición Fuente de adquisición Total de préstamos Signatura topográfica completa Código de barras Visto por última vez Precio de reemplazo Tipo de ítem Koha
        Biblioteca del Ateneo de Madrid Biblioteca del Ateneo de Madrid Sala Pardo Bazán 17/01/2008     B-10053 1133152 23/02/2023 23/02/2023 Libro impreso